| 000 | 00824nam a2200253 a 4500 | ||
|---|---|---|---|
| 008 | |||
| 020 | _a1881052036 (pbk.) | ||
| 049 | _aMAIN | ||
| 090 |
_aHD31 _bNEW |
||
| 245 | 0 | 0 |
_aNew traditions in business : _bspirit and leadership in the 21st century / _cedited by John Renesch ; with contributions by Willis Harman ... [et al.]. |
| 260 |
_aSan Francisco : _bBerrett-Koehler, _cc1992. |
||
| 300 |
_axiv, 253 p. : _bill. ; _c23 cm. |
||
| 504 | _aIncludes bibliographical references. | ||
| 500 | _aIncludes index. | ||
| 650 | 0 | _aIndustrial management. | |
| 650 | 0 | _aLeadership. | |
| 700 | 1 | _aRenesch, John. | |
| 700 | 1 | _aHarman, Willis W. | |
| 907 |
_a.b1000984x _b23-04-12 _c17-04-03 |
||
| 003 | |||
| 005 | 20230123133327.0 | ||
| 040 | _cNUST | ||
| 942 |
_cBOOKS _kHD31 _mNEW |
||
| 999 |
_c146682 _d146682 |
||